000 00284nam a22001337a 4500
008 171004b xxu||||| |||| 00| 0 eng d
020 _a0674586611
041 _aeng
080 _a159.9
100 _a48
101 _aPSI
245 _aMORAL EDUCATION
_cSIZER,TH.R
942 _2udc
_cBK
999 _c31578
_d31578